Loading...

Manual of good English

Bibliographic Details
Main Author: Weston W J
Format: Printed Book
Published: New Delhi Indiana publishing house 2006
Subjects:
LEADER 00417nam a22001337a 4500
020 |a 8184080514 
082 |a 420  |b WES.M 
100 |a Weston W J 
245 |a Manual of good English 
260 |a New Delhi  |b Indiana publishing house  |c 2006 
650 |a English 
942 |c BK 
999 |c 1123  |d 1123 
952 |0 0  |1 0  |4 0  |6 420_000000000000000_WES_M  |7 0  |8 NFIC  |9 1112  |a CAMPUS  |b CAMPUS  |d 2014-12-26  |l 0  |o 420 WES.M  |p 18570  |r 2014-12-26  |w 2014-12-26  |y BK